00316nam a2200109Ia 4500020001800000082001900018245004400037260004200081650003000123650003700153700001600190 a0-19-510507-9 aRR 330.03 OXF; 0aOxford encyclopedia of economic history aOxfordbOxford University Pressc2003 aEconomics - Encyclopedias aEconomic history - Encyclopedias aMokyr, Joel